|
|
|
|
| LEADER |
01090nam a2200277 a 4500 |
| 001 |
15310421 |
| 008 |
120315s2008 nyu b 001 0 eng d |
| 010 |
|
|
|a 2008930075
|
| 020 |
|
|
|a 9783540778868 (hardcover : alk. paper)
|
| 020 |
|
|
|a 9783540778875
|
| 040 |
|
|
|a DLC
|c DLC
|d BD-DhAAL
|
| 082 |
0 |
4 |
|a 004.6
|2 22
|
| 245 |
1 |
0 |
|a Content delivery networks :
|b lecture notes electrical engineering /
|c Rajkumar Buyya, Mukaddim Pathan, Athena Vakali (Eds.)
|
| 260 |
|
|
|a New York :
|b Springer,
|c 2008.
|
| 300 |
|
|
|a xvi, 417 p. :
|b ill. ;
|c 24 cm.
|
| 504 |
|
|
|a Includes bibliographical references and index.
|
| 490 |
0 |
|
|a Lecture notes electrical engineering ;
|v 9
|
| 541 |
1 |
|
|e 0024587
|
| 650 |
|
0 |
|a Computer networks
|
| 650 |
|
0 |
|a Internetworking (Telecommunication)
|
| 700 |
1 |
|
|a Buyya, Rajkumar.
|
| 700 |
1 |
|
|a Pathan, Mukaddim.
|
| 700 |
1 |
|
|a Vakali, Athena.
|
| 852 |
1 |
|
|a Ayesha Abed Library
|j General shelf
|
| 999 |
|
|
|c 11969
|d 11969
|
| 952 |
|
|
|0 0
|1 0
|4 0
|6 004_600000000000000_CON
|7 0
|9 19681
|a BRACUL
|b BRACUL
|c GEN
|d 2012-03-14
|e Trim Education
|g 9950.00
|l 0
|o 004.6 CON
|p 3010024587
|r 2012-03-15
|t 1
|w 2012-03-15
|y BK
|